|
|
|
|
| LEADER |
00594nam a22001812a 4500 |
| 001 |
000371695 |
| 003 |
CZ BrMZK |
| 005 |
20060314132824.0 |
| 008 |
980107s1962 gw f ger d |
| 040 |
|
|
|a BOA001
|b cze
|
| 100 |
1 |
|
|a Neubert, Rudolf,
|d 1898-1992
|7 jx20050629031
|
| 245 |
1 |
4 |
|a Das Schulgesundheitswesen /
|c Rudolf Neubert.
|
| 260 |
|
|
|a Berlin :
|b Volk und Wissen,
|c 1962
|
| 300 |
|
|
|a 82 s.
|
| 910 |
|
|
|a BOA001
|b PK-0030.755
|
| 964 |
|
|
|a Zdravotnictví školní - NDR - příručky
|
| 990 |
|
|
|a BK
|
| 996 |
7 |
|
|b 3119810967
|c PK-0030.755
|l MZK
|r Sklad / do 1 hodiny
|n 2
|w 000371695
|u 000010
|a 1
|e BOA001
|j MZK50
|s A
|